[Event "April 9 Late 2024"]
[Site "Chess.com"]
[Date "2024.04.09"]
[Round "8"]
[White "Torres, Yelfry"]
[Black "Cardozo Munar, Carlos Eduardo"]
[Result "1-0"]
[Board "103"]
[WhiteFideId "6401066"]
[BlackFideId "4409477"]
[BlackTitle "FM"]
[WhiteElo "2421"]
[BlackElo "2243"]
[WhiteTeam "DOM"]
[BlackTeam "COL"]
[WhiteClock "0:02:11"]
[BlackClock "0:01:25"]
[Variant "Standard"]

1. c4 {[%clk 0:03:00]}  e6 {[%clk 0:02:58]} 2. Nc3 {[%clk 0:02:55]}  d5 {[%clk 0:02:57]} 3. cxd5 {[%clk 0:02:55]}  exd5 {[%clk 0:02:57]} 4. d4 {[%clk 0:02:56]}  c6 {[%clk 0:02:57]} 5. Nf3 {[%clk 0:02:53]}  Nf6 {[%clk 0:02:57]} 6. Bg5 {[%clk 0:02:53]}  Bd6 {[%clk 0:02:57]} 7. Qc2 {[%clk 0:02:53]}  O-O {[%clk 0:02:57]} 8. e3 {[%clk 0:02:53]}  Nbd7 {[%clk 0:02:56]} 9. Bd3 {[%clk 0:02:53]}  Re8 {[%clk 0:02:57]} 10. Bxh7+ {[%clk 0:02:53]}  Kh8 {[%clk 0:02:52]} 11. Bf5 {[%clk 0:02:46]}  Qc7 {[%clk 0:02:51]} 12. h4 {[%clk 0:02:40]}  Ng8 {[%clk 0:01:45]} 13. h5 {[%clk 0:02:35]}  Bf8 {[%clk 0:01:36]} 14. Bf4 {[%clk 0:02:28]}  Qa5 {[%clk 0:01:32]} 15. Bxd7 {[%clk 0:02:15]}  Bxd7 {[%clk 0:01:31]} 16. Ng5 {[%clk 0:02:15]}  Nh6 {[%clk 0:01:25]} 17. Qh7# {[%clk 0:02:11]} 1-0

[Event "April 9 Late 2024"]
[Site "Chess.com"]
[Date "2024.04.09"]
[Round "8"]
[White "Jaque Gutierrez, Matias"]
[Black "Lutz, Igor Oscar"]
[Result "1-0"]
[Board "105"]
[WhiteFideId "3426980"]
[BlackFideId "2110806"]
[WhiteTitle "CM"]
[WhiteElo "2418"]
[BlackElo "2008"]
[WhiteTeam "CHI"]
[BlackTeam "BRA"]
[WhiteClock "0:00:13"]
[BlackClock "0:00:00"]
[Variant "Standard"]

1. c4 {[%clk 0:03:00]}  Nf6 {[%clk 0:02:51]} 2. g3 {[%clk 0:03:00]}  c6 {[%clk 0:02:51]} 3. Bg2 {[%clk 0:03:00]}  d5 {[%clk 0:02:51]} 4. Nf3 {[%clk 0:03:01]}  Nbd7 {[%clk 0:02:44]} 5. O-O {[%clk 0:02:59]}  e6 {[%clk 0:02:44]} 6. b3 {[%clk 0:02:58]}  Be7 {[%clk 0:02:43]} 7. Bb2 {[%clk 0:02:59]}  O-O {[%clk 0:02:43]} 8. d3 {[%clk 0:02:58]}  b6 {[%clk 0:02:40]} 9. Nbd2 {[%clk 0:02:51]}  Bb7 {[%clk 0:02:40]} 10. e4 {[%clk 0:02:51]}  dxe4 {[%clk 0:02:35]} 11. dxe4 {[%clk 0:02:50]}  c5 {[%clk 0:02:32]} 12. Qe2 {[%clk 0:02:51]}  Qc7 {[%clk 0:02:21]} 13. e5 {[%clk 0:02:48]}  Ng4 {[%clk 0:02:16]} 14. h3 {[%clk 0:02:44]}  Nh6 {[%clk 0:02:15]} 15. g4 {[%clk 0:02:44]}  Kh8 {[%clk 0:02:08]} 16. Rad1 {[%clk 0:02:39]}  Rad8 {[%clk 0:02:03]} 17. Ne4 {[%clk 0:02:28]}  Bxe4 {[%clk 0:01:54]} 18. Qxe4 {[%clk 0:02:29]}  Nb8 {[%clk 0:01:36]} 19. Nd2 {[%clk 0:02:22]}  Rd7 {[%clk 0:01:25]} 20. Nb1 {[%clk 0:02:05]}  Rfd8 {[%clk 0:01:24]} 21. Rxd7 {[%clk 0:02:05]}  Rxd7 {[%clk 0:01:24]} 22. Nc3 {[%clk 0:02:06]}  Rd4 {[%clk 0:01:19]} 23. Qa8 {[%clk 0:01:48]}  Rd2 {[%clk 0:00:55]} 24. Nb5 {[%clk 0:01:46]}  Qd8 {[%clk 0:00:35]} 25. Bc1 {[%clk 0:01:29]}  Rxa2 {[%clk 0:00:29]} 26. Bf4 {[%clk 0:01:05]}  Ng8 {[%clk 0:00:24]} 27. Nd6 {[%clk 0:01:00]}  Bxd6 {[%clk 0:00:16]} 28. exd6 {[%clk 0:01:01]}  Nf6 {[%clk 0:00:11]} 29. d7 {[%clk 0:00:50]}  Nfxd7 {[%clk 0:00:10]} 30. Rd1 {[%clk 0:00:51]}  h6 {[%clk 0:00:06]} 31. Rxd7 {[%clk 0:00:29]}  Qf6 {[%clk 0:00:06]} 32. Qxb8+ {[%clk 0:00:28]}  Kh7 {[%clk 0:00:06]} 33. Be4+ {[%clk 0:00:24]}  g6 {[%clk 0:00:06]} 34. Qe5 {[%clk 0:00:16]}  Qxe5 {[%clk 0:00:02]} 35. Bxe5 {[%clk 0:00:16]}  Re2 {[%clk 0:00:00]} 36. Rd8 {[%clk 0:00:13]} 1-0

[Event "April 9 Late 2024"]
[Site "Chess.com"]
[Date "2024.04.09"]
[Round "8"]
[White "Morales Garcia, Sergio Joshafatt"]
[Black "Quirke, Jeffrey"]
[Result "0-1"]
[Board "106"]
[WhiteFideId "5106249"]
[BlackFideId "2013029"]
[WhiteTitle "FM"]
[WhiteElo "2467"]
[BlackElo "2236"]
[WhiteTeam "MEX"]
[BlackTeam "USA"]
[WhiteClock "0:00:01"]
[BlackClock "0:00:11"]
[Variant "Standard"]

1. d4 {[%clk 0:02:55]}  Nf6 {[%clk 0:02:58]} 2. c4 {[%clk 0:02:54]}  g6 {[%clk 0:02:59]} 3. Nc3 {[%clk 0:02:54]}  Bg7 {[%clk 0:02:59]} 4. e4 {[%clk 0:02:55]}  d6 {[%clk 0:02:59]} 5. Nf3 {[%clk 0:02:55]}  O-O {[%clk 0:03:00]} 6. Be2 {[%clk 0:02:56]}  e5 {[%clk 0:03:00]} 7. Be3 {[%clk 0:02:56]}  exd4 {[%clk 0:02:59]} 8. Nxd4 {[%clk 0:02:56]}  Re8 {[%clk 0:03:00]} 9. f3 {[%clk 0:02:57]}  c6 {[%clk 0:03:01]} 10. Bf2 {[%clk 0:02:57]}  d5 {[%clk 0:03:01]} 11. exd5 {[%clk 0:02:58]}  cxd5 {[%clk 0:03:01]} 12. c5 {[%clk 0:02:59]}  Nc6 {[%clk 0:03:02]} 13. Nxc6 {[%clk 0:02:59]}  bxc6 {[%clk 0:03:02]} 14. O-O {[%clk 0:03:00]}  Bd7 {[%clk 0:03:01]} 15. Qd2 {[%clk 0:02:58]}  Rb8 {[%clk 0:02:52]} 16. Rfe1 {[%clk 0:02:57]}  Nh5 {[%clk 0:02:41]} 17. b3 {[%clk 0:02:53]}  Qf6 {[%clk 0:02:35]} 18. Rac1 {[%clk 0:02:48]}  Nf4 {[%clk 0:02:33]} 19. Bf1 {[%clk 0:02:47]}  Rxe1 {[%clk 0:02:27]} 20. Qxe1 {[%clk 0:02:43]}  Re8 {[%clk 0:02:24]} 21. Qd2 {[%clk 0:02:43]}  Bh6 {[%clk 0:02:20]} 22. Qd4 {[%clk 0:02:36]}  Qxd4 {[%clk 0:02:16]} 23. Bxd4 {[%clk 0:02:37]}  Nh3+ {[%clk 0:02:16]} 24. gxh3 {[%clk 0:02:33]}  Bxc1 {[%clk 0:02:16]} 25. b4 {[%clk 0:02:29]}  Be3+ {[%clk 0:02:08]} 26. Bxe3 {[%clk 0:02:28]}  Rxe3 {[%clk 0:02:09]} 27. Ne2 {[%clk 0:02:27]}  Ra3 {[%clk 0:02:07]} 28. Nd4 {[%clk 0:02:25]}  Rxa2 {[%clk 0:02:06]} 29. b5 {[%clk 0:02:25]}  cxb5 {[%clk 0:01:55]} 30. c6 {[%clk 0:02:26]}  Bc8 {[%clk 0:01:51]} 31. Nxb5 {[%clk 0:01:51]}  Kf8 {[%clk 0:01:19]} 32. Nd6 {[%clk 0:01:05]}  Be6 {[%clk 0:01:18]} 33. Bd3 {[%clk 0:00:57]}  Ra3 {[%clk 0:01:16]} 34. Bb5 {[%clk 0:00:46]}  Rc3 {[%clk 0:01:13]} 35. Kf2 {[%clk 0:00:44]}  Rc5 {[%clk 0:01:01]} 36. Ba4 {[%clk 0:00:35]}  Ra5 {[%clk 0:00:51]} 37. Bd1 {[%clk 0:00:31]}  Ke7 {[%clk 0:00:40]} 38. Nb7 {[%clk 0:00:31]}  Ra2+ {[%clk 0:00:40]} 39. Ke3 {[%clk 0:00:31]}  Bc8 {[%clk 0:00:33]} 40. Bb3 {[%clk 0:00:14]}  Ra3 {[%clk 0:00:31]} 41. Nc5 {[%clk 0:00:14]}  Kd6 {[%clk 0:00:28]} 42. Kd4 {[%clk 0:00:14]}  Kxc6 {[%clk 0:00:23]} 43. Bxd5+ {[%clk 0:00:14]}  Kd6 {[%clk 0:00:17]} 44. Bxf7 {[%clk 0:00:14]}  Rxf3 {[%clk 0:00:13]} 45. h4 {[%clk 0:00:14]}  Rh3 {[%clk 0:00:12]} 46. Ne4+ {[%clk 0:00:11]}  Ke7 {[%clk 0:00:13]} 47. Bd5 {[%clk 0:00:11]}  Rxh4 {[%clk 0:00:13]} 48. Ke5 {[%clk 0:00:11]}  Rxe4+ {[%clk 0:00:13]} 49. Bxe4 {[%clk 0:00:10]}  a5 {[%clk 0:00:13]} 50. h4 {[%clk 0:00:10]}  Bd7 {[%clk 0:00:13]} 51. h5 {[%clk 0:00:08]}  gxh5 {[%clk 0:00:13]} 52. Bxh7 {[%clk 0:00:08]}  a4 {[%clk 0:00:14]} 53. Kd4 {[%clk 0:00:07]}  a3 {[%clk 0:00:12]} 54. Kc3 {[%clk 0:00:07]}  Be6 {[%clk 0:00:13]} 55. Be4 {[%clk 0:00:04]}  Kf6 {[%clk 0:00:13]} 56. Bg2 {[%clk 0:00:03]}  Kg5 {[%clk 0:00:13]} 57. Bf1 {[%clk 0:00:02]}  Kf4 {[%clk 0:00:13]} 58. Bg2 {[%clk 0:00:02]}  Ke3 {[%clk 0:00:13]} 59. Bb7 {[%clk 0:00:03]}  Ke2 {[%clk 0:00:13]} 60. Kc2 {[%clk 0:00:03]}  Kf2 {[%clk 0:00:11]} 61. Kb1 {[%clk 0:00:03]}  h4 {[%clk 0:00:10]} 62. Bc6 {[%clk 0:00:03]}  h3 {[%clk 0:00:11]} 63. Bb7 {[%clk 0:00:04]}  h2 {[%clk 0:00:11]} 64. Bc6 {[%clk 0:00:04]}  Bh3 {[%clk 0:00:11]} 65. Ka2 {[%clk 0:00:02]}  Bg2 {[%clk 0:00:11]} 66. Bxg2 {[%clk 0:00:01]}  Kxg2 {[%clk 0:00:11]} 0-1

[Event "April 9 Late 2024"]
[Site "Chess.com"]
[Date "2024.04.09"]
[Round "8"]
[White "Seder, Mohammed"]
[Black "Gerbelli Neto, Eduardo"]
[Result "1-0"]
[Board "107"]
[WhiteFideId "11505567"]
[BlackFideId "2103281"]
[WhiteTitle "FM"]
[WhiteElo "2432"]
[BlackElo "2368"]
[WhiteTeam "PLE"]
[BlackTeam "BRA"]
[WhiteClock "0:00:28"]
[BlackClock "0:00:00"]
[Variant "Standard"]

1. e4 {[%clk 0:03:00]}  e5 {[%clk 0:02:51]} 2. Nf3 {[%clk 0:03:00]}  Nc6 {[%clk 0:02:51]} 3. Bb5 {[%clk 0:02:58]}  a6 {[%clk 0:02:51]} 4. Bxc6 {[%clk 0:02:57]}  dxc6 {[%clk 0:02:52]} 5. h3 {[%clk 0:02:58]}  Bc5 {[%clk 0:02:49]} 6. O-O {[%clk 0:02:56]}  Qd6 {[%clk 0:02:44]} 7. c3 {[%clk 0:02:54]}  Ne7 {[%clk 0:02:37]} 8. d4 {[%clk 0:02:51]}  exd4 {[%clk 0:02:38]} 9. cxd4 {[%clk 0:02:52]}  Bb6 {[%clk 0:02:38]} 10. Nbd2 {[%clk 0:02:46]}  Be6 {[%clk 0:02:20]} 11. Qa4 {[%clk 0:02:27]}  O-O-O {[%clk 0:02:13]} 12. Nc4 {[%clk 0:02:25]}  Bxc4 {[%clk 0:02:13]} 13. Qxc4 {[%clk 0:02:26]}  Bxd4 {[%clk 0:02:08]} 14. Nxd4 {[%clk 0:01:45]}  Qxd4 {[%clk 0:02:07]} 15. Qxf7 {[%clk 0:01:46]}  Ng6 {[%clk 0:01:55]} 16. Qf5+ {[%clk 0:01:36]}  Kb8 {[%clk 0:01:55]} 17. Be3 {[%clk 0:01:36]}  Qe5 {[%clk 0:01:24]} 18. Qxe5 {[%clk 0:01:18]}  Nxe5 {[%clk 0:01:25]} 19. b3 {[%clk 0:01:19]}  b6 {[%clk 0:01:13]} 20. Rad1 {[%clk 0:01:16]}  c5 {[%clk 0:01:13]} 21. f4 {[%clk 0:01:15]}  Nc6 {[%clk 0:01:13]} 22. e5 {[%clk 0:01:06]}  Nd4 {[%clk 0:01:13]} 23. g4 {[%clk 0:01:03]}  g6 {[%clk 0:01:12]} 24. Kg2 {[%clk 0:01:01]}  h5 {[%clk 0:01:11]} 25. b4 {[%clk 0:01:01]}  Nc2 {[%clk 0:00:58]} 26. Bc1 {[%clk 0:00:56]}  Nxb4 {[%clk 0:00:56]} 27. f5 {[%clk 0:00:55]}  hxg4 {[%clk 0:00:54]} 28. f6 {[%clk 0:00:40]}  gxh3+ {[%clk 0:00:51]} 29. Kh2 {[%clk 0:00:40]}  Nd5 {[%clk 0:00:28]} 30. e6 {[%clk 0:00:37]}  Kb7 {[%clk 0:00:20]} 31. e7 {[%clk 0:00:34]}  Rd6 {[%clk 0:00:07]} 32. Rxd5 {[%clk 0:00:33]}  Rxd5 {[%clk 0:00:07]} 33. f7 {[%clk 0:00:33]}  Re5 {[%clk 0:00:05]} 34. f8=Q {[%clk 0:00:28]}  Re2+ {[%clk 0:00:00]} 35. Rf2 {[%clk 0:00:28]} 1-0

[Event "April 9 Late 2024"]
[Site "Chess.com"]
[Date "2024.04.09"]
[Round "8"]
[White "Wanyama, Harold"]
[Black "Montano Vicente, Guadalupe"]
[Result "1-0"]
[Board "109"]
[WhiteFideId "10000380"]
[BlackFideId "5181399"]
[WhiteTitle "FM"]
[WhiteElo "2422"]
[BlackElo "2291"]
[WhiteTeam "UGA"]
[BlackTeam "MEX"]
[WhiteClock "0:02:20"]
[BlackClock "0:02:05"]
[Variant "Standard"]

1. d4 {[%clk 0:03:00]}  Nf6 {[%clk 0:02:57]} 2. c4 {[%clk 0:03:00]}  g6 {[%clk 0:02:55]} 3. Nc3 {[%clk 0:03:00]}  Bg7 {[%clk 0:02:55]} 4. e4 {[%clk 0:03:00]}  d6 {[%clk 0:02:56]} 5. f3 {[%clk 0:03:00]}  O-O {[%clk 0:02:55]} 6. Nge2 {[%clk 0:03:01]}  c5 {[%clk 0:02:55]} 7. Be3 {[%clk 0:03:00]}  Qa5 {[%clk 0:02:53]} 8. Qd2 {[%clk 0:03:00]}  Nc6 {[%clk 0:02:51]} 9. d5 {[%clk 0:03:00]}  Ne5 {[%clk 0:02:48]} 10. Nc1 {[%clk 0:03:00]}  a6 {[%clk 0:02:39]} 11. h3 {[%clk 0:02:59]}  Rb8 {[%clk 0:02:30]} 12. f4 {[%clk 0:02:47]}  Ned7 {[%clk 0:02:29]} 13. Nb3 {[%clk 0:02:43]}  Qc7 {[%clk 0:02:29]} 14. Be2 {[%clk 0:02:42]}  e6 {[%clk 0:02:29]} 15. dxe6 {[%clk 0:02:40]}  fxe6 {[%clk 0:02:26]} 16. Rd1 {[%clk 0:02:37]}  Re8 {[%clk 0:02:16]} 17. Qxd6 {[%clk 0:02:34]}  Qxd6 {[%clk 0:02:14]} 18. Rxd6 {[%clk 0:02:34]}  e5 {[%clk 0:02:15]} 19. f5 {[%clk 0:02:30]}  b5 {[%clk 0:02:11]} 20. cxb5 {[%clk 0:02:23]}  axb5 {[%clk 0:02:12]} 21. Bxb5 {[%clk 0:02:21]}  Nxe4 {[%clk 0:02:05]} 22. Bc4+ {[%clk 0:02:20]} 1-0

[Event "April 9 Late 2024"]
[Site "Chess.com"]
[Date "2024.04.09"]
[Round "8"]
[White "Pesotskiy, Mikhail"]
[Black "Andrew D Green"]
[Result "1-0"]
[Board "112"]
[WhiteFideId "34164453"]
[BlackFideId "2401762"]
[WhiteTitle "FM"]
[BlackTitle "CM"]
[WhiteElo "2501"]
[BlackElo "2291"]
[WhiteTeam "RUS"]
[BlackTeam "SCO"]
[WhiteClock "0:01:38"]
[BlackClock "0:00:00"]
[Variant "Standard"]

1. c4 {[%clk 0:02:59]}  c5 {[%clk 0:02:59]} 2. g3 {[%clk 0:02:51]}  g6 {[%clk 0:02:58]} 3. Bg2 {[%clk 0:02:52]}  Bg7 {[%clk 0:02:59]} 4. Nf3 {[%clk 0:02:47]}  Nc6 {[%clk 0:02:59]} 5. O-O {[%clk 0:02:48]}  d6 {[%clk 0:02:59]} 6. Nc3 {[%clk 0:02:31]}  Bf5 {[%clk 0:02:57]} 7. d3 {[%clk 0:02:31]}  Qd7 {[%clk 0:02:56]} 8. Re1 {[%clk 0:02:31]}  Bh3 {[%clk 0:02:56]} 9. Bh1 {[%clk 0:02:32]}  h5 {[%clk 0:02:56]} 10. Ng5 {[%clk 0:02:30]}  h4 {[%clk 0:02:55]} 11. Nxh3 {[%clk 0:02:30]}  hxg3 {[%clk 0:02:55]} 12. Bg2 {[%clk 0:02:30]}  Rxh3 {[%clk 0:02:45]} 13. Bxh3 {[%clk 0:02:10]}  gxf2+ {[%clk 0:01:13]} 14. Kxf2 {[%clk 0:02:10]}  Qxh3 {[%clk 0:01:11]} 15. Bf4 {[%clk 0:02:10]}  e5 {[%clk 0:00:54]} 16. Bg3 {[%clk 0:02:09]}  Nge7 {[%clk 0:00:53]} 17. e3 {[%clk 0:02:10]}  f5 {[%clk 0:00:49]} 18. Nd5 {[%clk 0:02:06]}  O-O-O {[%clk 0:00:36]} 19. Qf3 {[%clk 0:02:04]}  Nxd5 {[%clk 0:00:32]} 20. cxd5 {[%clk 0:02:05]}  Nb4 {[%clk 0:00:30]} 21. Rad1 {[%clk 0:02:03]}  g5 {[%clk 0:00:14]} 22. Qg2 {[%clk 0:02:01]}  Qh7 {[%clk 0:00:14]} 23. a3 {[%clk 0:01:53]}  Na6 {[%clk 0:00:14]} 24. h3 {[%clk 0:01:44]}  f4 {[%clk 0:00:14]} 25. Bh2 {[%clk 0:01:45]}  fxe3+ {[%clk 0:00:08]} 26. Rxe3 {[%clk 0:01:45]}  g4 {[%clk 0:00:02]} 27. Qxg4+ {[%clk 0:01:45]}  Kb8 {[%clk 0:00:02]} 28. Rf3 {[%clk 0:01:46]}  Bh6 {[%clk 0:00:00]} 29. Rg1 {[%clk 0:01:38]} 1-0

[Event "April 9 Late 2024"]
[Site "Chess.com"]
[Date "2024.04.09"]
[Round "8"]
[White "Mizzi, Jack"]
[Black "Demina, Marya"]
[Result "1-0"]
[Board "114"]
[WhiteFideId "5602521"]
[BlackFideId "4195671"]
[WhiteTitle "CM"]
[BlackTitle "WFM"]
[WhiteElo "2455"]
[BlackElo "2261"]
[WhiteTeam "MLT"]
[BlackTeam "RUS"]
[WhiteClock "0:01:15"]
[BlackClock "0:01:18"]
[Variant "Standard"]

1. d4 {[%clk 0:03:00]}  Nf6 {[%clk 0:02:59]} 2. c4 {[%clk 0:03:01]}  c5 {[%clk 0:02:59]} 3. d5 {[%clk 0:03:01]}  b5 {[%clk 0:03:00]} 4. cxb5 {[%clk 0:03:02]}  a6 {[%clk 0:03:00]} 5. e3 {[%clk 0:03:02]}  axb5 {[%clk 0:03:01]} 6. Bxb5 {[%clk 0:03:03]}  Qa5+ {[%clk 0:03:01]} 7. Nc3 {[%clk 0:03:03]}  Ne4 {[%clk 0:02:56]} 8. Ne2 {[%clk 0:03:03]}  Ba6 {[%clk 0:02:43]} 9. Bxa6 {[%clk 0:02:59]}  Nxa6 {[%clk 0:02:40]} 10. O-O {[%clk 0:02:58]}  Nxc3 {[%clk 0:02:40]} 11. Nxc3 {[%clk 0:02:59]}  d6 {[%clk 0:02:38]} 12. a4 {[%clk 0:02:50]}  Nc7 {[%clk 0:02:29]} 13. Bd2 {[%clk 0:02:49]}  Qb6 {[%clk 0:02:28]} 14. a5 {[%clk 0:02:39]}  Qxb2 {[%clk 0:02:20]} 15. Qa4+ {[%clk 0:02:13]}  Kd8 {[%clk 0:02:14]} 16. Ra2 {[%clk 0:02:11]}  Qb7 {[%clk 0:02:11]} 17. Rb1 {[%clk 0:02:10]}  Qa6 {[%clk 0:02:11]} 18. Rab2 {[%clk 0:02:01]}  e6 {[%clk 0:02:00]} 19. Rb8+ {[%clk 0:01:45]}  Ke7 {[%clk 0:01:59]} 20. R8b7 {[%clk 0:01:34]}  Rc8 {[%clk 0:01:51]} 21. Qc6 {[%clk 0:01:28]}  Qxa5 {[%clk 0:01:45]} 22. Ne4 {[%clk 0:01:19]}  Qa2 {[%clk 0:01:22]} 23. Rxc7+ {[%clk 0:01:14]}  Rxc7 {[%clk 0:01:18]} 24. Qxc7+ {[%clk 0:01:15]}  Ke8 {[%clk 0:01:18]} 25. Rb8# {[%clk 0:01:15]} 1-0

[Event "April 9 Late 2024"]
[Site "Chess.com"]
[Date "2024.04.09"]
[Round "8"]
[White "Yevchenko, Oleksandr"]
[Black "Belmonte, Diego Mariano"]
[Result "0-1"]
[Board "115"]
[WhiteFideId "14108267"]
[BlackFideId "105856"]
[WhiteTitle "CM"]
[BlackTitle "FM"]
[WhiteElo "2246"]
[BlackElo "2441"]
[WhiteTeam "UKR"]
[BlackTeam "ARG"]
[WhiteClock "0:00:00"]
[BlackClock "0:00:03"]
[Variant "Standard"]

1. c4 {[%clk 0:03:00]}  Nf6 {[%clk 0:02:58]} 2. Nc3 {[%clk 0:03:00]}  e6 {[%clk 0:02:57]} 3. e4 {[%clk 0:03:01]}  d5 {[%clk 0:02:57]} 4. e5 {[%clk 0:03:01]}  Ne4 {[%clk 0:02:56]} 5. Nf3 {[%clk 0:03:00]}  Nc6 {[%clk 0:02:53]} 6. cxd5 {[%clk 0:02:46]}  exd5 {[%clk 0:02:52]} 7. Bb5 {[%clk 0:02:39]}  Be7 {[%clk 0:02:42]} 8. Qa4 {[%clk 0:02:21]}  Nc5 {[%clk 0:01:56]} 9. Bxc6+ {[%clk 0:02:16]}  Kf8 {[%clk 0:01:52]} 10. Qc2 {[%clk 0:01:42]}  bxc6 {[%clk 0:01:50]} 11. d4 {[%clk 0:01:36]}  Ne6 {[%clk 0:01:25]} 12. O-O {[%clk 0:01:35]}  Ba6 {[%clk 0:01:09]} 13. Re1 {[%clk 0:01:30]}  h5 {[%clk 0:00:58]} 14. Be3 {[%clk 0:01:10]}  Rb8 {[%clk 0:00:57]} 15. b3 {[%clk 0:01:05]}  h4 {[%clk 0:00:52]} 16. Qf5 {[%clk 0:00:53]}  g6 {[%clk 0:00:50]} 17. Qg4 {[%clk 0:00:52]}  Rh5 {[%clk 0:00:45]} 18. Rad1 {[%clk 0:00:44]}  Bc8 {[%clk 0:00:45]} 19. Nd2 {[%clk 0:00:19]}  h3 {[%clk 0:00:28]} 20. Qe2 {[%clk 0:00:16]}  hxg2 {[%clk 0:00:26]} 21. f4 {[%clk 0:00:15]}  Ng7 {[%clk 0:00:22]} 22. Bf2 {[%clk 0:00:13]}  Bh3 {[%clk 0:00:19]} 23. Nf3 {[%clk 0:00:13]}  Nf5 {[%clk 0:00:19]} 24. e6 {[%clk 0:00:09]}  f6 {[%clk 0:00:19]} 25. Nb1 {[%clk 0:00:07]}  Kg7 {[%clk 0:00:17]} 26. Nbd2 {[%clk 0:00:07]}  Bg4 {[%clk 0:00:16]} 27. Qd3 {[%clk 0:00:05]}  Qh8 {[%clk 0:00:15]} 28. Rc1 {[%clk 0:00:02]}  Rb6 {[%clk 0:00:14]} 29. a4 {[%clk 0:00:02]}  a5 {[%clk 0:00:13]} 30. b4 {[%clk 0:00:01]}  Rh3 {[%clk 0:00:10]} 31. Kxg2 {[%clk 0:00:01]}  Bxf3+ {[%clk 0:00:06]} 32. Nxf3 {[%clk 0:00:01]}  Rh5 {[%clk 0:00:04]} 33. Kg1 {[%clk 0:00:00]}  axb4 {[%clk 0:00:03]} 0-1

[Event "April 9 Late 2024"]
[Site "Chess.com"]
[Date "2024.04.09"]
[Round "8"]
[White "Garcia Correa, Jose Ricardo"]
[Black "Hubbard, Andrew"]
[Result "0-1"]
[Board "117"]
[WhiteFideId "5101832"]
[BlackFideId "2031787"]
[WhiteTitle "FM"]
[BlackTitle "FM"]
[WhiteElo "2232"]
[BlackElo "2415"]
[WhiteTeam "MEX"]
[BlackTeam "USA"]
[WhiteClock "0:01:21"]
[BlackClock "0:00:12"]
[Variant "Standard"]

1. e4 {[%clk 0:03:00]}  e6 {[%clk 0:02:59]} 2. d4 {[%clk 0:03:00]}  d5 {[%clk 0:03:00]} 3. Nc3 {[%clk 0:03:01]}  Nf6 {[%clk 0:02:58]} 4. Bg5 {[%clk 0:03:00]}  dxe4 {[%clk 0:02:58]} 5. Nxe4 {[%clk 0:02:59]}  Nbd7 {[%clk 0:02:58]} 6. Nf3 {[%clk 0:02:59]}  h6 {[%clk 0:02:58]} 7. Nxf6+ {[%clk 0:02:57]}  Nxf6 {[%clk 0:02:58]} 8. Be3 {[%clk 0:02:57]}  Nd5 {[%clk 0:02:57]} 9. Bd2 {[%clk 0:02:56]}  c5 {[%clk 0:02:53]} 10. Bd3 {[%clk 0:02:54]}  cxd4 {[%clk 0:02:52]} 11. Nxd4 {[%clk 0:02:54]}  Bc5 {[%clk 0:02:51]} 12. Nb3 {[%clk 0:02:53]}  Bb6 {[%clk 0:02:51]} 13. Qe2 {[%clk 0:02:53]}  Bd7 {[%clk 0:02:47]} 14. c4 {[%clk 0:02:47]}  Ne7 {[%clk 0:02:30]} 15. Bc3 {[%clk 0:02:45]}  O-O {[%clk 0:02:27]} 16. O-O-O {[%clk 0:02:44]}  Qc7 {[%clk 0:02:20]} 17. Kb1 {[%clk 0:02:43]}  Rad8 {[%clk 0:01:55]} 18. Qg4 {[%clk 0:02:37]}  e5 {[%clk 0:01:49]} 19. Qg3 {[%clk 0:02:29]}  f6 {[%clk 0:01:35]} 20. Rc1 {[%clk 0:02:19]}  Bf5 {[%clk 0:01:26]} 21. Bxf5 {[%clk 0:02:07]}  Nxf5 {[%clk 0:01:27]} 22. Qf3 {[%clk 0:02:07]}  Nd4 {[%clk 0:01:22]} 23. Bxd4 {[%clk 0:02:06]}  Bxd4 {[%clk 0:01:22]} 24. Rhd1 {[%clk 0:02:03]}  b6 {[%clk 0:01:13]} 25. Qe4 {[%clk 0:01:59]}  Bxf2 {[%clk 0:01:09]} 26. h4 {[%clk 0:01:46]}  Rxd1 {[%clk 0:00:58]} 27. Rxd1 {[%clk 0:01:45]}  Rd8 {[%clk 0:00:58]} 28. Rd5 {[%clk 0:01:43]}  Rxd5 {[%clk 0:00:35]} 29. cxd5 {[%clk 0:01:43]}  Bc5 {[%clk 0:00:33]} 30. Qc4 {[%clk 0:01:42]}  Bd6 {[%clk 0:00:32]} 31. Qb5 {[%clk 0:01:38]}  Qe7 {[%clk 0:00:21]} 32. h5 {[%clk 0:01:34]}  e4 {[%clk 0:00:20]} 33. Nd4 {[%clk 0:01:33]}  e3 {[%clk 0:00:15]} 34. Nf5 {[%clk 0:01:27]}  Qe4+ {[%clk 0:00:13]} 35. Kc1 {[%clk 0:01:25]}  Qxf5 {[%clk 0:00:14]} 36. Qe8+ {[%clk 0:01:23]}  Kh7 {[%clk 0:00:13]} 37. Kd1 {[%clk 0:01:22]}  Qd3+ {[%clk 0:00:12]} 38. Ke1 {[%clk 0:01:21]}  Bb4# {[%clk 0:00:12]} 0-1